000 01039nam a2200277Ia 4500
003 OSt
005 20220923211557.0
006 a|||||r|||| 00| 0
007 ta
008 220922b |||||||| |||| 00| 0 san d
020 _a9789386081070 (hbk)
_c1100
024 _a348,179
037 _b239, 16/01/2019, Eastern Book Linkers
_cTextual
040 _aARTS
_cARTS
_bsan
041 _2san
_asan
082 _aR65,6:g, 152Q8
100 _aनिगम, शीला, ले.
245 0 _aश्रीमद भागवत का शैली वैज्ञानिक अनुशीलन
246 _aShrīmad bhāgavat kā shailī vaijnyānik anushīlana
260 _aदिल्ली
_b आस्था प्रकाशन
_c2018
300 _a383पृ0
_ccm.
650 _a भगवत् गीता
650 _aभारतीय दर्शन
942 _hR65,6:g, 152Q8
_cTEXL
_2CC
999 _c300956
_d300956